000 00501nam a22001817a 4500
003 MN-UlNLM
005 20250120160318.0
008 241008s2024 mp ||||| |||| 00| 0 mon d
020 _a9789919036607
040 _bmon
084 _2NNA
_a84(5Мон)-44
_bО-634
_q84
100 1 _aОюун С.
245 1 _aТань руу нүүж явна
_bШилмэл тууж
_cРед. Д.Гүн-Үйлс
260 1 _aУБ
_bЖиком пресс
_c2024
300 _a276х
546 _amon
942 _cBK
999 _c1145376
_d1145433